An Introduction to Geotechnical Engineering / (Record no. 16502)
[ view plain ]
| 000 -LEADER | |
|---|---|
| fixed length control field | 01103cam a22003018a 4500 |
| 001 - CONTROL NUMBER | |
| control field | 16342778 |
| 005 - DATE AND TIME OF LATEST TRANSACTION | |
| control field | 20100728123114.0 |
| 008 - FIXED-LENGTH DATA ELEMENTS--GENERAL INFORMATION | |
| fixed length control field | 100721s2011 nju b 001 0 eng |
| 020 ## - INTERNATIONAL STANDARD BOOK NUMBER | |
| International Standard Book Number | 0137011326 |
| 020 ## - INTERNATIONAL STANDARD BOOK NUMBER | |
| International Standard Book Number | 9780137011322 |
| 040 ## - CATALOGING SOURCE | |
| Original cataloging agency | DLC |
| Transcribing agency | DLC |
| 082 00 - DEWEY DECIMAL CLASSIFICATION NUMBER | |
| Classification number | 624.1513 |
| Edition number | 22 |
| Item number | HOL |
| 100 1# - MAIN ENTRY--PERSONAL NAME | |
| Personal name | Holtz, R. D. |
| Fuller form of name | (Robert D.) |
| 9 (RLIN) | 29060 |
| 245 13 - TITLE STATEMENT | |
| Title | An Introduction to Geotechnical Engineering / |
| Statement of responsibility, etc | Robert D. Holtz, William D. Kovacs, Thomas C. Sheahan. |
| 250 ## - EDITION STATEMENT | |
| Edition statement | 2nd ed. |
| 260 ## - PUBLICATION, DISTRIBUTION, ETC. (IMPRINT) | |
| Place of publication, distribution, etc | Upper Saddle River : |
| Name of publisher, distributor, etc | Prentice Hall, |
| Date of publication, distribution, etc | 2011. |
| 263 ## - PROJECTED PUBLICATION DATE | |
| Projected publication date | 1201 |
| 300 ## - PHYSICAL DESCRIPTION | |
| Extent | 863 p. : |
| Other physical details | ill. ; |
| Dimensions | 24 cm. |
| 504 ## - BIBLIOGRAPHY, ETC. NOTE | |
| Bibliography, etc | Includes bibliographical references and index. |
| 650 #0 - SUBJECT ADDED ENTRY--TOPICAL TERM | |
| Topical term or geographic name as entry element | Soil mechanics |
| Form subdivision | Textbooks. |
| 9 (RLIN) | 29061 |
| 650 #0 - SUBJECT ADDED ENTRY--TOPICAL TERM | |
| Topical term or geographic name as entry element | Rock mechanics |
| Form subdivision | Textbooks. |
| 9 (RLIN) | 29062 |
| 653 ## - INDEX TERM--UNCONTROLLED | |
| Resource For college | |
| Arrived date list | February2012 |
| 700 1# - ADDED ENTRY--PERSONAL NAME | |
| Personal name | Kovacs, William D. |
| 9 (RLIN) | 29063 |
| 700 1# - ADDED ENTRY--PERSONAL NAME | |
| Personal name | Sheahan, Thomas C. |
| 9 (RLIN) | 29064 |
| 942 ## - ADDED ENTRY ELEMENTS (KOHA) | |
| Source of classification or shelving scheme | Dewey Decimal Classification |
| Item type | Book - Borrowing |
| Withdrawn status | Item status | Source of classification or shelving scheme | Damaged status | Not for loan | Vendor | Home library | Current library | Shelving location | Date acquired | Source of acquisition | Cost, normal purchase price | Serial Enumeration / chronology | Total Checkouts | Total Renewals | Full call number | Barcode | Date last seen | Date last borrowed | Koha item type |
|---|---|---|---|---|---|---|---|---|---|---|---|---|---|---|---|---|---|---|---|
| Dewey Decimal Classification | Alahram | Central Library | Central Library | First floor | 21/02/2012 | 199.00 | 682 | 3 | 8 | 624.1513 HOL | 000026162 | 15/07/2025 | 14/01/2016 | Book - Borrowing |